01003cam a22002537a 4500003000500000005001700005008004100022010001000063011001000073020001500083035001100098040000900109082002800118110005300146245025400199260002400453300001800477410005300495490004100548650004400589650002200633810005300655830004100708CHAP20220817044001.0040218d2002 it r 00010 eng d a89370 a90342 a9251048371 a100898 cCHAP10a639.2bF46 v.683 Suppl.2 aFAObWestern Central Atlantic Fishery Commission10aNational reports and technical papers presented at the First Meeting of the WECAFC Ad Hoc Working Group on the Development of Sustainable Moored Fish Aggregating Device Fishing in the Lesser Antilles Le Robert, Martinique, 8-11 Octubre 2001c/by FAO aRome :bFAO,c2002. a295 p.bilus.00aFAObWestern Central Atlantic Fishery Commission 0aFAO. Informe de pescav; 683, Suppl.14aPescazRegión Atlántico Occidental.14aRecursos marinos.00aFAObWestern Central Atlantic Fishery Commission0 aFAO. Informe de pescav; 683, Suppl.